000 02268nam0a2200445 4500
001 RU\NLR\bibl\330161
005 20260407081319.0
010 _a5-86765-230-0
_91000
021 _aRU
_b2002-35098
_91713
035 _a(NLR Aleph) 000325131
090 _a121866
_c121866
100 _a20021016d2002 |||y0rusy50 ca
101 0 _arus
_achv
_aeng
102 _aRU
105 _ay |||||||||
200 1 _aПослание Президента Чувашской Республики Н. В. Федорова Государственному Совету Чувашской Республики
_dSpeech made by N. V. Fyodorov, President of Chuvash Republic, in the National Council (Parlament)
_zeng
210 _aЧебоксары
_cЧувашия
_d2002
215 _a46, [1] с.
_d20
300 _aПарал. загл. также на чуваш. яз.
300 _aТекст парал. на рус., чуваш. и англ. яз.
510 1 _6z01791
_aSpeech made by N. V. Fyodorov, President of Chuvash Republic, in the National Council (Parlament)
_zeng
606 0 _aПрезиденты
_xПослания Государственному Совету
_yЧувашская Республика
_92270184
_3RU\NLR\auth\661360711
610 0 _aПрезидент (глава государства) Чувашской Республики - Послание Государственному Совету
610 0 _aЧувашия, внутрен. политика
675 _a323(470.344)
_v3
_zrus
686 _a11.15
_2rugasnti
686 _a65.9(2Рос.Чув)
_2rubbk
686 _aХ620.611.33Чу
710 0 1 _aЧувашская Республика
_bПрезидент
_c1998-2001; Н. В. Федоров
_3RU\NLR\AUTH\8810028731
_9556026
711 0 1 _aЧувашская Республика
_bГосударственный Совет
_3RU\NLR\AUTH\8810010099
_9517895
791 0 1 _8eng
_aChuvash Republic
_bPresident
_c1998-2001; N. V. Fyodorov
_7ba
_3RU\NLR\auth\8810041821
_9582990
801 0 _aRU
_bRKP
_c20021016
_gPSBO
801 1 _aRU
_bRKP
_c20021016
801 2 _aRU
_bNLR
_c20070411
_grcr
852 _aNLR
_bОНЛ
_jЧув./2-4729
942 _cBOOK
980 _aNB
980 _aNBR